=LDR 00000nam 2200000 4500 =001 INLIS000000000023774 =005 20130612122414 =008 ***********************************Ind** =035 ##$$0010-061300000023774 =041 ##$$a Ind =082 ##$$a 028.5 =090 ##$$a 028.5, Far a =100 ##$$a Faridi, Salman =245 ##$$a Anak batu, Salman Faridi =260 ##$$a 2000 $b Bandung =300 ##$$a 28 hlm, ilus, 18 cm =650 ##$$a Kisah anak-anak =850 ##$$a NBPNMAT